Guia pràctica per a la sol·licitud i la implementació del Programa de la targeta moneder d'impacte social : document base document base
Descripción Física:
22 pàgines ; 30 cm
Materias:
Targetes
; Acció social -- Barcelona (Provincia)
; Municipis -- Govern i administració -- Barcelona (Catalunya : Província)
; Manuals, vademècums, etc.
Idioma:
Catalán
MARC
| LEADER | 00000nam a22000007a 4500 | ||
|---|---|---|---|
| 001 | 25585 | ||
| 003 | Arxiu | ||
| 005 | 20260324181111.0 | ||
| 008 | 220520b spa||||| |||| 00| 0 cat d | ||
| 080 | |a FU-69-52 | ||
| 245 | |a Guia pràctica per a la sol·licitud i la implementació del Programa de la targeta moneder d'impacte social : |b document base | ||
| 260 | |a Barcelona : |b Diputació de Barcelona. Àrea d'Atenció a les Persones, |c març de 2017 | ||
| 300 | |a 22 pàgines ; |c 30 cm | ||
| 650 | 0 | |9 53044 |a Targetes | |
| 650 | 0 | |2 Arxiu |9 53045 |a Acció social |z Barcelona (Provincia) | |
| 650 | 0 | |a Municipis |x Govern i administració |x Barcelona (Catalunya : Província) |9 42329 | |
| 655 | 0 | |9 52956 |a Manuals, vademècums, etc. | |
| 710 | |a Barcelona (Catalunya : Província). |b Àrea d'Atenció a les Persones |9 52421 | ||
| 942 | |2 udc |c ARXIU |n 1 | ||
| 952 | |0 0 |1 0 |4 0 |6 FU6952 |7 1 |9 61805 |a Arxiu |b Arxiu |d 2022-05-20 |l 0 |o FU-69-52 |p 25585 |r 2022-05-20 00:00:00 |w 2022-05-20 |y ARXIU | ||
| 999 | |c 81657 |d 81657 | ||